European Bands - Sudden Death - Statistics

General Stats
  • This quiz has been taken 1,914 times
    89 since last reset
  • The average score is 8 of 49
Answers on the Grid
Answers color-coded by a green-red scale on the quiz's grid according to % correct below.
The Beatles
Rammstein
Måneskin
Van Halen
Maná
Sepultura
Tokio Hotel
Sum 41
Blackpink
The Wailers
Overkill
Scorpions
Earth, Wind & Fire
Los Lobos
Kult
Boney M.
Soda Stereo
The Police
X Japan
Sigur Rós
Nickelback
Imagine Dragons
Queen
Ramones
April Wine
Jet
Smak
AC/DC
Golden Earring
Mastodon
Glay
Mayday
Arctic Monkeys
Alphaville
Steve Miller Band
Franz Ferdinand
Lamb of God
Rush
Pink Floyd
Arcade Fire
Molotov
Stereophonics
Aqua
Coldplay
Danzig
ABBA
U2
The Cardigans
Slipknot
Motörhead
Aphrodite's Child
Athena
Manga
Men at Work
Judas Priest
Linkin Park
Nine Inch Nails
O-Zone
Pearl Jam
Children of Bodom
Venom
Poison
Nautilus Pompilius
Duran Duran
Vengaboys
Nirvana
Foo Fighters
The Rasmus
Pantera
Akcent
Jane's Addiction
Kino
Duman
No Doubt
Lordi
Korn
Meshuggah
Kool & The Gang
A-ha
The Offspring
Jamiroquai
Weezer
The Who
New York Dolls
Deus
Kings of Leon
The Doors
Kraftwerk
Seether
Gojira
The Supremes
Slayer
Okean Elzy
BTS
Wet Wet Wet
Alice Cooper
Devo
The Rolling Stones
Zoopark
 
Answer Stats
Answer % Correct
The Beatles
61%
ABBA
56%
Rammstein
52%
Måneskin
46%
Queen
44%
Coldplay
34%
Pink Floyd
33%
The Rolling Stones
33%
Scorpions
30%
U2
30%
The Police
28%
A-ha
26%
Arctic Monkeys
26%
Kraftwerk
25%
The Who
25%
Franz Ferdinand
23%
Duran Duran
20%
Motörhead
18%
Boney M.
16%
Sigur Rós
16%
Aqua
15%
Tokio Hotel
15%
Alphaville
13%
The Cardigans
13%
Judas Priest
11%
Lordi
10%
Vengaboys
10%
Gojira
8%
Jamiroquai
8%
Stereophonics
8%
Venom
8%
O-Zone
5%
The Rasmus
5%
Akcent
3%
Children of Bodom
3%
Golden Earring
3%
Kino
3%
Meshuggah
3%
Wet Wet Wet
3%
Deus
2%
Kult
2%
Aphrodite's Child
0%
Athena
0%
Duman
0%
Manga
0%
Nautilus Pompilius
0%
Okean Elzy
0%
Smak
0%
Zoopark
0%
No matching quizzes found
Score Distribution
Percent of People with Each Score
Percentile by Number Answered
Your Score History
You have not taken this quiz since the last reset